| 000 | 02570nam a22003137a 4500 | ||
|---|---|---|---|
| 005 | 20120620115751.0 | ||
| 010 | _aB-483456-460 | ||
| 020 |
_a9788179754597 _c650.00 |
||
| 035 | _aB-483456-460 | ||
| 037 | _bके.के.पब्लिकेशंस | ||
| 082 | _a954.08 | ||
| 100 |
_aबिपन चंद्र _952949 |
||
| 245 |
_aआधुनिक भारत में उपनिवेशवाद और राष्ट्रवाद/ _cबिपन चंद्र |
||
| 260 |
_aनई दिल्ली _bअनामिका पब्लिशर्स _c2011 |
||
| 270 |
_a4697/3, 21 ए, अंसारी रोड, दरियागंज _bनई दिल्ली _e110002 _k23281655 |
||
| 300 |
_a viii,361 पृ. _c22 सें.मी.(सजिल्द) |
||
| 700 | _949220 | ||
| 700 |
_aमेहरोत्रा, गीतिका _949321 |
||
| 700 |
_aश्रीवास्तव, सुहासिनी _949322 |
||
| 700 |
_aमिश्र, यतीन्द्र _949266 |
||
| 942 |
_2ddc _cHN _mबिपन _h954.08 |
||
| 999 |
_c68077 _d68077 |
||